| 000 | 00497nam a2200109Ia 4500 | ||
|---|---|---|---|
| 008 | 171024s2007 xx 000 0 und d | ||
| 020 | _a0973-6921 | ||
| 245 | _aJournal Of Environmental Research And Development: An International Research Journal Of Natural Sciences Technology And Social Sciences For Environment, Vol.1, No.3, Jan-Mar. 2007 | ||
| 260 |
_aBhopal _bJerad Puiblication _c2007 |
||
| 650 |
_aAirborne pollutants _aBacterial fish diseases _aBiosorption |
||
| 906 | _aInter-discipinary journal | ||
| 999 |
_c110539 _d110539 |
||